<?xml version="1.0" encoding="UTF-8"?>
<record
    xmlns:xsi="http://www.w3.org/2001/XMLSchema-instance"
    xsi:schemaLocation="http://www.loc.gov/MARC21/slim http://www.loc.gov/standards/marcxml/schema/MARC21slim.xsd"
    xmlns="http://www.loc.gov/MARC21/slim">

  <leader>02031nam a2200241Ia 4500</leader>
  <controlfield tag="008">120625s2012    mx            000 0 spa d</controlfield>
  <datafield tag="020" ind1=" " ind2=" ">
    <subfield code="a">9786074063721</subfield>
  </datafield>
  <datafield tag="050" ind1=" " ind2="4">
    <subfield code="a">C KGF4624 </subfield>
    <subfield code="b">M48 2012</subfield>
  </datafield>
  <datafield tag="110" ind1="1" ind2=" ">
    <subfield code="a">M&#xE9;xico</subfield>
    <subfield code="e">, autor.</subfield>
    <subfield code="9">1514</subfield>
  </datafield>
  <datafield tag="245" ind1="1" ind2="0">
    <subfield code="a">Fisco agenda 2012 </subfield>
    <subfield code="b">: compendio de leyes, reglamentos y otras disposiciones conexas sobre la materia : con casos pr&#xE1;cticos.</subfield>
    <subfield code="c">/ M&#xE9;xico.</subfield>
  </datafield>
  <datafield tag="250" ind1=" " ind2=" ">
    <subfield code="a">43a. ed.</subfield>
  </datafield>
  <datafield tag="260" ind1="3" ind2=" ">
    <subfield code="a">M&#xE9;xico </subfield>
    <subfield code="b">: Ediciones Fiscales ISEF</subfield>
    <subfield code="c">, 2012.</subfield>
  </datafield>
  <datafield tag="300" ind1=" " ind2=" ">
    <subfield code="a">pag. varia.</subfield>
  </datafield>
  <datafield tag="336" ind1=" " ind2=" ">
    <subfield code="a">Texto</subfield>
  </datafield>
  <datafield tag="337" ind1=" " ind2=" ">
    <subfield code="a">Sin medio </subfield>
  </datafield>
  <datafield tag="338" ind1=" " ind2=" ">
    <subfield code="a">Volumen</subfield>
  </datafield>
  <datafield tag="500" ind1=" " ind2=" ">
    <subfield code="a">"Versi&#xF3;n cosida"  </subfield>
  </datafield>
  <datafield tag="505" ind1="1" ind2=" ">
    <subfield code="a">Secci&#xF3;n 1
Abreviaturas
&#xCD;ndice tem&#xE1;tico
Ley de Impuesto Sobre la Renta Correlacionada
Reglamento de la Ley del Impuesto Sobre la Renta
Ley de Impuesto empresarial a tasa &#xFA;nica correlacionada
Decreto por el que se otorgan diversos beneficios fiscales en materia de los Impuestos Sobre la Renta y enpresarial a tasa &#xFA;nica
Decreto por el que se otorga beneficios fiscales en materia del Impuesto Sobre la Renta  y del impuesto Empresarial a Tasa &#xDA;nica a los contribuyentes que se indican
Ley del Impuesto a los depositos en efcetivo correlacionada

Secci&#xF3;n 2
Ley del Impuesto al Valor Agregado Correlacionada
Reglamento de la Ley del Impuesto al Valor Agregado
Ley del Impuesto Especial sobre producci&#xF3;n y servicios correlacionada
Reglamento de la Ley del Impuesto Especial sobre producci&#xF3;n y servicios

Secci&#xF3;n 3
C&#xF3;digo Fiscal de la Federaci&#xF3;n Correlacionado
Reglamento del C&#xF3;digo Fiscal de la Federaci&#xF3;n

Secci&#xF3;n 4
Ley Federal de Procedimiento Contencioso Administratico
Ley de Ingresosde la Federaci&#xF3;n
Ley Federal de los Derechos del Contribuyente
Ley del Servicio de Administraci&#xF3;n Tributaria
Ley de Ayuda Alimentaria para los Trabajadores

Secci&#xF3;n 5
Casos pr&#xE1;cticos</subfield>
  </datafield>
  <datafield tag="650" ind1="1" ind2="4">
    <subfield code="a">IMPUESTOS</subfield>
    <subfield code="x">LEYES Y LEGISLACI&#xD3;N</subfield>
    <subfield code="z">M&#xC9;XICO</subfield>
    <subfield code="9">1515</subfield>
  </datafield>
  <datafield tag="650" ind1="2" ind2="0">
    <subfield code="a">IMPUESTO SOBRE LA RENTA</subfield>
    <subfield code="x">LEYES Y LEGISLACION</subfield>
    <subfield code="z">MEXICO</subfield>
    <subfield code="9">4836</subfield>
  </datafield>
  <datafield tag="650" ind1="2" ind2="4">
    <subfield code="a">IMPUESTO AL VALOR AGREGADO </subfield>
    <subfield code="x">LEYES Y LEGISLACI&#xD3;N</subfield>
    <subfield code="z">M&#xC9;XICO</subfield>
    <subfield code="9">4854</subfield>
  </datafield>
  <datafield tag="942" ind1=" " ind2=" ">
    <subfield code="c">LB</subfield>
  </datafield>
  <datafield tag="952" ind1=" " ind2=" ">
    <subfield code="0">0</subfield>
    <subfield code="1">0</subfield>
    <subfield code="4">0</subfield>
    <subfield code="7">0</subfield>
    <subfield code="a">04</subfield>
    <subfield code="b">04</subfield>
    <subfield code="d">2012-02-20</subfield>
    <subfield code="l">64</subfield>
    <subfield code="m">1</subfield>
    <subfield code="o">C KGF4624 M48 2012</subfield>
    <subfield code="p">04 002704</subfield>
    <subfield code="r">2019-10-17</subfield>
    <subfield code="s">2019-10-17</subfield>
    <subfield code="t">1</subfield>
    <subfield code="w">2012-06-24</subfield>
    <subfield code="y">LB</subfield>
  </datafield>
  <datafield tag="952" ind1=" " ind2=" ">
    <subfield code="0">0</subfield>
    <subfield code="1">0</subfield>
    <subfield code="2">lcc</subfield>
    <subfield code="4">0</subfield>
    <subfield code="7">0</subfield>
    <subfield code="a">04</subfield>
    <subfield code="b">04</subfield>
    <subfield code="d">2012-02-20</subfield>
    <subfield code="l">66</subfield>
    <subfield code="m">2</subfield>
    <subfield code="o">C KGF4624 M48 2012</subfield>
    <subfield code="p">04 003902</subfield>
    <subfield code="r">2016-10-31</subfield>
    <subfield code="s">2016-10-31</subfield>
    <subfield code="t">2</subfield>
    <subfield code="w">2012-06-24</subfield>
    <subfield code="y">LB</subfield>
  </datafield>
  <datafield tag="952" ind1=" " ind2=" ">
    <subfield code="0">0</subfield>
    <subfield code="1">0</subfield>
    <subfield code="2">lcc</subfield>
    <subfield code="4">0</subfield>
    <subfield code="7">0</subfield>
    <subfield code="a">04</subfield>
    <subfield code="b">04</subfield>
    <subfield code="d">2012-02-20</subfield>
    <subfield code="l">66</subfield>
    <subfield code="o">C KGF4624 M48 2012</subfield>
    <subfield code="p">04 003903</subfield>
    <subfield code="r">2019-10-17</subfield>
    <subfield code="s">2019-10-17</subfield>
    <subfield code="t">3</subfield>
    <subfield code="w">2012-06-24</subfield>
    <subfield code="y">LB</subfield>
  </datafield>
  <datafield tag="952" ind1=" " ind2=" ">
    <subfield code="0">0</subfield>
    <subfield code="1">0</subfield>
    <subfield code="2">lcc</subfield>
    <subfield code="4">0</subfield>
    <subfield code="7">0</subfield>
    <subfield code="a">04</subfield>
    <subfield code="b">04</subfield>
    <subfield code="d">2012-02-28</subfield>
    <subfield code="l">84</subfield>
    <subfield code="m">3</subfield>
    <subfield code="o">C KGF4624 M48 2012</subfield>
    <subfield code="p">04 003940</subfield>
    <subfield code="r">2016-08-02</subfield>
    <subfield code="s">2016-08-02</subfield>
    <subfield code="t">4</subfield>
    <subfield code="w">2012-06-24</subfield>
    <subfield code="y">LB</subfield>
  </datafield>
  <datafield tag="952" ind1=" " ind2=" ">
    <subfield code="0">0</subfield>
    <subfield code="1">0</subfield>
    <subfield code="2">lcc</subfield>
    <subfield code="4">0</subfield>
    <subfield code="7">0</subfield>
    <subfield code="a">04</subfield>
    <subfield code="b">04</subfield>
    <subfield code="d">2012-08-27</subfield>
    <subfield code="l">75</subfield>
    <subfield code="m">1</subfield>
    <subfield code="o">C KGF4624 M48 2012</subfield>
    <subfield code="p">04 002503</subfield>
    <subfield code="r">2015-03-10</subfield>
    <subfield code="s">2015-03-09</subfield>
    <subfield code="t">5</subfield>
    <subfield code="w">2012-08-27</subfield>
    <subfield code="y">LB</subfield>
  </datafield>
  <datafield tag="952" ind1=" " ind2=" ">
    <subfield code="0">0</subfield>
    <subfield code="1">0</subfield>
    <subfield code="2">lcc</subfield>
    <subfield code="4">0</subfield>
    <subfield code="7">0</subfield>
    <subfield code="a">04</subfield>
    <subfield code="b">04</subfield>
    <subfield code="d">2012-08-30</subfield>
    <subfield code="l">86</subfield>
    <subfield code="o">C KGF4624 M48 2012</subfield>
    <subfield code="p">04 000370</subfield>
    <subfield code="r">2016-08-02</subfield>
    <subfield code="s">2016-08-02</subfield>
    <subfield code="t">6</subfield>
    <subfield code="w">2012-08-30</subfield>
    <subfield code="y">LB</subfield>
  </datafield>
  <datafield tag="999" ind1=" " ind2=" ">
    <subfield code="c">63066</subfield>
    <subfield code="d">63066</subfield>
  </datafield>
</record>
